000 00460nam a2200193Ia 4500
003 OSt
005 20221005121054.0
006 a|||||r|||| 00| 0
007 ta
008 221004b |||||||| |||| 00| 0 eng d
024 _a112450
037 _cTextual
040 _aCRL
_cCRL
_beng
041 _2eng
_aeng
100 _aPathak Heera Behan
_9630026
245 0 _aGayabhava Garja
942 _cTEXL
_2cc
999 _c1039991
_d1039991